[Event "Lubbock SPICE Cup"]
[Site "Lubbock"]
[Date "2008.09.19"]
[Round "1"]
[White "Kaidanov, Gregory S"]
[Black "Kritz, Leonid"]
[Result "0-1"]
[WhiteElo "2605"]
[BlackElo "2610"]
[Annotator "Kritz,L"]
[PlyCount "78"]
[EventDate "2008.09.19"]
[EventType "tourn"]
[EventRounds "9"]
[EventCountry "USA"]
[EventCategory "15"]
[SourceTitle "CBM 126"]
[Source "ChessBase"]
[SourceDate "2008.10.01"]
[SourceVersion "1"]
[SourceVersionDate "2008.10.01"]
[SourceQuality "1"]

1. e4 e5 2. Bc4 Nf6 3. d3 Bc5 {Mit diesem Zug überführt Schwarz die Partie zu
Italienisch. Die klassische Reaktion ist 3....c6.} (3... c6 4. Nf3 Be7 $1 {
Meiner Meinung nach der beste Zug. Nach dem klassischen 4....d5 bekommt Weiß
Initiative in allen Varianten.} (4... d5 5. Bb3 Bd6 6. exd5 (6. Nc3 dxe4 7. Ng5
O-O 8. Ncxe4 Nxe4 9. Nxe4 Bf5 10. Qf3 Bxe4 11. dxe4 Nd7 12. c3 Nc5 13. Bc2 a5
$11 {Der Vorteil des Läuferpaares ist rein symbolisch. Die Stellung ist
geschlossen und Schwarz hat keine Schwiriegkeiten.}) 6... Nxd5 (6... cxd5 7.
Bg5 Be6 8. Nc3 Qa5 9. O-O {Weiß hat sehr gutes Spiel gegen das schwarze
Zentrum.} Nbd7 10. Qe1 $1 d4 $2 11. Ne4 Qb6 12. Bxe6 fxe6 13. Nxd6+ Qxd6 14.
Bh4 $16 {Fedorov - Mamedjarova (Baku, 2008)}) 7. O-O O-O 8. Re1 Nd7 9. Nbd2 Bc7
10. Ne4 Re8 (10... h6 11. h3 Kh8 12. Bd2 a5 13. a3 f5 14. Nc3 Nxc3 15. Bxc3 $36
{Nevednichy - Fridman (Plovdiv, 2008). Weiß hat gutes Spiel gegen den
e5-Bauern.}) 11. h3 h6 12. Bd2 Nf8 13. Nh2 f5 14. Qh5 Nh7 15. Nf3 Rf8 16. Nc3
f4 17. Qh4 Ng5 18. Nxg5 hxg5 19. Qh5 Bf5 20. Nxd5 cxd5 21. Bc3 Re8 22. Qf3 $18
{Nevednichy - Beliavsky (Plovdiv, 2008)}) 5. O-O (5. Nxe5 $4 Qa5+ $19) 5... d6
6. Re1 O-O 7. Bb3 Bg4 $11) 4. Nf3 (4. f4 {Der Versuch, die Partie sofort zu
gewinnen, führt zu einer unklaren Stellung:} d5 5. exd5 Ng4 6. d4 Bxd4 7. Nf3
Bf2+ 8. Kf1 Bb6 9. fxe5 Nf2 10. Qe1 O-O 11. Bg5 f6 12. d6+ Kh8 13. exf6 gxf6
14. dxc7 Bxc7 15. Kxf2 fxg5 16. Qc3+ Qf6 17. Qxf6+ Rxf6 18. Re1 Bb6+ 19. Kg3
Bc7+ 20. Kf2 Bb6+ 21. Kg3 Bc7+ {1/2-1/2 Aronian - Anand (Monte Carlo, 2006)})
4... d6 5. O-O Nc6 6. c3 O-O 7. Bb3 (7. Bg5 h6 8. Bh4 g5 $1 {Die
prinzipiellste Fortsetzung. Schwarz zwingt Weiß, die Entscheidung bezüglich
des Opfers auf g5 sofort zu fällen.} 9. Nxg5 (9. Bg3 Bg4 $132) 9... hxg5 10.
Bxg5 Kg7 11. Qf3 Be6 12. Nd2 Rh8 13. h4 Qe7 14. Bd5 Nxd5 15. Bxe7 Ndxe7 16. b4
Bb6 17. b5 Na5 18. g3 Rag8 19. d4 Kf8 $40 {Vajda - Sutovsky (Turin, 2006)})
7... a6 8. h3 (8. d4 $6 {ist zu früh, denn das weiße Zentrum wird zum
Angriffsziel der schwarzen Figuren:} Ba7 9. Re1 Bg4 $15 {Es ist sogar kein
Ausgleich - Schwarz steht einfach besser!}) 8... Ba7 {Am Brett ist eine
theoretische Stellung aus der Italienischen Partie.} 9. Re1 h6 10. Nbd2 $1 {
Bevor Weiß d4 spielen kann, muss er den Springer nach g3 überführen, um den
Bauern e4 zu verteidigen.} (10. d4 $6 Re8 $11 {Das Problem für Weiß ist nun,
dass er keine Entwicklungsmöglichkeiten hat: die beiden Bauern e4 und d4 sind
angegriffen. Weiß ist fast gezwungen auf e5 zu nehmen, wonach keine Rede von
Vorteil sein kann.}) 10... Be6 (10... Re8 {führt nur zu Zugumstellung.} 11. Nf1
Be6 12. Bc2 {->10....Be6} (12. N3h2 Bxb3 13. axb3 Qd7 14. Qf3 Qe6 15. Ng3 Ne7
16. b4 c6 17. Ng4 Nxg4 (17... Nh7 18. Be3 Bxe3 19. Qxe3 Rad8 $11 {Leko - Adams
(Sarajevo, 1999)}) 18. hxg4 d5 19. Nf5 Rad8 20. g3 f6 21. Kg2 dxe4 22. dxe4
Nxf5 23. gxf5 Qc4 24. Be3 Bxe3 {1/2-1/2 Leko - Kramnik (Mexico City, 2007)}) (
12. Be3 d5 (12... Bxe3 13. Nxe3 Qd7 14. Nh2 Ne7 15. Nhg4 Nxg4 16. hxg4 d5 17.
d4 exd4 18. exd5 Nxd5 19. Nxd5 Bxd5 20. Qxd4 Bc6 $11 {Ivanchuk - Svidler (Beer
Sheva, 2005)}) (12... Bxb3 13. Qxb3 Qd7 14. Bxa7 Rxa7 15. Ng3 Ne7 16. d4 Ng6
17. Rad1 Qc6 18. Nh2 Raa8 $11 {Alekseev - Jakovenko (Kemer, 2007)}) 13. Bxa7
Rxa7 14. exd5 Bxd5 15. Bxd5 Nxd5 16. d4 exd4 17. Rxe8+ Qxe8 18. Nxd4 Ra8 $11 {
Movsesian - Jakovenko (Dagomys, 2008)})) 11. Bc2 $1 {Ich denke, das ist der
einzige Weg für Weiß, auf Vorteil zu spielen.} (11. Nf1 Re8 12. Ng3 d5 13. Qe2
{Alle anderen Züge erlauben den Generalabtausch und führen schlicht und
einfach zum Remis:} (13. Be3 Bxe3 14. Rxe3 dxe4 15. dxe4 Qxd1+ 16. Rxd1 Bxb3
17. axb3 Na5 18. b4 Nc4 19. Re2 a5 20. bxa5 Rxa5 $11 {Sermek - Delchev (Turin,
2006)}) (13. Nh2 dxe4 14. dxe4 Qxd1 15. Rxd1 Rad8 16. Re1 Nd7 $11 {Jaracz -
Georgiev (Warsaw, 2005)}) 13... dxe4 {führt am einfachsten zum Ausgleich.} (
13... Qd7 $5 {Schwarz kann auch um Vorteil spielen, immerhin hat er das
Zentrum.} 14. Bc2 Bc5 15. Nh4 Kh8 16. Qf3 Ng8 17. Nhf5 Bf8 18. Bb3 Rad8 $132 {
Vysochin - Aleksandrov (Warsaw, 2006)}) 14. dxe4 Bxb3 15. axb3 Qd6 16. Nf5 Qe6
$11) 11... Re8 12. Nf1 d5 $1 {Ich sehe nicht, wie Schwarz ohne diesen Zug
zurechtkommen kann. Der weiße Plan ist einfach: Ng3-d4.} 13. exd5 (13. Qe2 Qd7
14. N3h2 (14. exd5 $2 Nxd5 {Jetzt ist die Dame auf e2 anfällig.} 15. Ng3 (15.
Nxe5 $4 Nxe5 16. Qxe5 Bxh3 $19) 15... Nf4 16. Qe4 f5 $17) 14... Ne7 15. Qf3 Nh7
16. Ng4 Ng6 17. Nfe3 c6 18. Nf5 f6 $1 $132 {Areshchenko - Movsesian (Kemer,
2007)}) 13... Qxd5 (13... Nxd5 14. Ng3 $36 {Mir gefiel nicht, dass der Bauer
e5 schwach wird.}) 14. Qe2 (14. Ng3 Rad8 15. Qe2 Bc5 $1 $11 {Der Plan von
Aleksandrov. Der Läufer wird nach f8 überführt, so dass Schwarz g6 spielen
kann und damit das Feld f5 kontrollieren kann.}) 14... Bf5 15. Ng3 Bh7 16. Ne4
Qe6 $6 (16... Nxe4 $1 {Das führt am einfachsten zum Ausgleich. Trotz dass Weiß
eine augenblickliche Initiative hat, kann Schwarz sich halten.} 17. dxe4 Qd6
18. Rd1 Qe7 19. Bb3 Na5 $1 {Das ist ein wichtiger Zug, ansonsten kommt der
weiße Läufer nach d5.} 20. Ba4 b5 (20... Red8 $5 21. b4 Rxd1+ 22. Bxd1 Nc6 23.
Bb3 Bg6 24. Bd5 Qf6 $11) 21. Bc2 Nc4 22. b3 Nd6 $11) (16... Qd8 $5 {wäre auch
besser gewesen, denn die Dame auf d8 ist nicht anfällig.} 17. Be3 Bxe3 18. Qxe3
Nd5 $11) 17. Bb3 Qe7 (17... Nxe4 $5 {Unglaubliche Abwicklung! Schwarz gibt die
Dame, doch um Vorteil zu erreichen, muss Weiß den Springer nehmen!} 18. dxe4 $1
(18. Bxe6 Bxf2+ 19. Kh2 (19. Qxf2 Nxf2 20. Bd7 Nxd3 21. Bxe8 Rxe8 $17) (19. Kh1
Ng3+ 20. Kh2 Nxe2 21. Rxe2 Rxe6 22. Rxf2 Bxd3 $19) (19. Kf1 Ng3+ 20. Kxf2 Nxe2
21. Bd7 Nxc1 22. Raxc1 Reb8 $3 {Nur so!} (22... Red8 23. Bxc6 bxc6 24. Nxe5 f6
25. Nxc6 Rxd3 26. Rcd1 $14) 23. Nxe5 (23. Bxc6 bxc6 $17 {Der Bauer b2 hängt -
das ist der Grund, warum man den Turm nach b8 stellen soll.}) 23... Nxe5 24.
Rxe5 Bxd3 25. Rd1 Bg6 $17) 19... Bg3+ 20. Kh1 (20. Kg1 Bf2+ $11) 20... Nf2+ 21.
Kg1 Rxe6 22. Be3 Nxd3 23. Rf1 Rd8 $15 {Schwarz hat mehr als genug für die
geopferte Dame.}) 18... Qf6 19. Bd5 Rab8 $5 20. Be3 Bxe3 21. Qxe3 Ne7 $13 {
Es sieht so aus, als ob Schwarz hier ok ist.}) (17... Nd5 $2 {Das war der Zug,
den ich geplant habe, als ich die Dame nach e6 zog...} 18. Neg5 (18. Bxd5 Qxd5
19. Bxh6 f5 $1 $17) 18... hxg5 19. Nxg5 Qd7 20. Nxh7 Kxh7 21. Qe4+ f5 22. Qxd5
Qxd5 23. Bxd5 Rad8 24. Bb3 $16 {Nach} Rxd3 {folgt} 25. Bc2 Rd6 26. Bxf5+ $18)
18. Nxf6+ Qxf6 19. d4 e4 (19... Re7 $5 {führt zum sofortigen Ausgleich, wobei
es Weiß ist, der die richtigen Züge finden muss.} 20. d5 (20. dxe5 Nxe5 21.
Nxe5 Rae8 22. Be3 Rxe5 23. Rad1 Bxe3 24. fxe3 Bf5 $15) (20. Nxe5 Rae8 21. Be3 (
21. f4 Nxe5 22. fxe5 Rxe5 $19) (21. Qf3 Qxf3 22. gxf3 Nxe5 23. dxe5 Rxe5 $15)
21... Nxe5 22. dxe5 Rxe5 23. Rad1 Bxe3 24. fxe3 Bf5 $15) 20... Na5 21. Be3 (21.
Bc2 Bxc2 22. Qxc2 Nc4 $132) 21... Bxe3 22. Qxe3 Nxb3 23. axb3 e4 24. Nd2 Rd8
25. Ra4 Rxd5 26. Nxe4 Bxe4 27. Rxe4 Rxe4 28. Qxe4 Rd2 29. Re2 $11) 20. Nh2 Qd6
$4 {Ein unglaublich schlechter Zug, der die Partie an die Grenze der
Niederlage bringt. Schwarz hat wenig zu befürchten, wenn er langsam seine
Figuren aktiviert:} (20... Bg6 21. Ng4 Qd6 22. Ne3 Na5 23. Bc2 b5 $1 {Ein
interessanter Plan: der Springer geht nach b7 und später vielleicht nach d6,
aber was viel wichtiger ist - der Bauer geht nach c6 und der Läufer a7 bekommt
das Feld b8, um den weißen König anzugreifen.} 24. b4 Nb7 25. Bd2 c6 $132) 21.
Qg4 $1 $16 {Weiß entwickelt eine Initiative und die schwarzen Figuren am
Damenflügel bleiben im Abseits.} (21. Ng4 Na5 22. Bc2 c5 23. dxc5 Qxc5 $11 24.
b4 $2 Qxc3 25. bxa5 Qxa1 $19) 21... Qg6 (21... Na5 {Das war meine Hoffnung
gewesen, doch hat Weiß einen kleinen taktischen Trick:} 22. Bxf7+ $1 Kxf7 23.
Qh5+ Kg8 24. Qxa5 c5 25. dxc5 Qxc5 26. Qxc5 Bxc5 27. Be3 $18) 22. Bf4 Re7 23.
Qh4 $6 {Mein Gegner wählt den falschen Plan. Obwohl Weiß auch in der Partie
besser stand, ist es immer einfacher einen komplikationsfreien Weg zu nehmen.
Nach 23.Bd5 wäre meine Stellung sehr verdächtig gewesen:} (23. Bd5 Rd8 24. Qxg6
Bxg6 25. Bxc6 bxc6 26. b4 $1 $16 {Der Läufer a7 ist gestorben. Die Schwäche
der weißen Felder spielt keine so große Rolle. Vielleicht kann sich Schwarz
mit viel Mühe retten, aber die Stellung ist absolut ohne Gegenspiel.}) 23...
Rae8 24. Re3 {Weiß versucht Matt zu geben.} Kh8 25. Rg3 Qf5 26. Re1 $6 (26. Nf1
$1 {würde wahrscheinlich gewinnen:} Nxd4 (26... Na5 27. Ne3 Qd7 28. Rxg7 $1
Kxg7 29. Bxh6+ Kg8 30. Qg5+ Bg6 31. Qxg6+ Kh8 32. Qg7#) 27. cxd4 Bxd4 28. Ne3
g5 29. Nxf5 gxh4 30. Nxh4 Bf6 31. Rg4 h5 32. Rg5 $18) (26. Bxh6 {Das Opfer
bringt Weiß nur Remis:} gxh6 27. Qxh6 Rg8 28. Rxg8+ Kxg8 29. Ng4 Qg6 30. Nf6+
Kh8 31. Qf8+ Bg8 32. Nxg8 Qxg8 33. Qh6+ Qh7 34. Qf8+ $11) 26... f6 (26... Na5
27. Bxh6 $1 f6 (27... gxh6 28. Qxh6 Rg8 29. Rxg8+ Kxg8 30. Ng4 Bg6 31. Qh4 $1
$18) 28. Bc2 gxh6 29. Rxe4 $1 Rxe4 30. Qxh6 $3 Re1+ 31. Nf1 $18) 27. Bc1 $4 (
27. Bxh6 gxh6 (27... Nxd4 28. cxd4 gxh6 29. Qxh6 Bxd4 30. Nf3 $1 $18 {Das
haben wir beide übersehen.}) 28. Qxh6 Ne5 29. Rxe4 Ng6 30. Rxe7 Rxe7 31. Nf3
$18) 27... Ne5 $1 {Jetzt kommt Schwarz zum schnellen Gegenangriff.} 28. Bd2 $2
{Mein Gegner übersah 27....Ne5 und konnte sich nicht mehr wiederfinden. Weiß
hatte noch gute Chancen auszugleichen:} (28. Rxg7 $1 Rxg7 29. dxe5 e3 (29...
Qg6 30. g4 Rxe5 31. Bxh6 Rd7 32. Bf4 Ree7 33. Nf1 $132) 30. Bxe3 Bxe3 31. Rxe3
Rxe5 32. Ng4 Rxe3 33. Nxe3 Qg5 34. Qd4 $44) (28. Bxh6 Ng6 29. Rxg6 Qxg6 30. Be3
Qf5 31. Nf1 g5 32. Qh5 Qg6 $15) 28... Nd3 {Nun ist es mir gelungen, mit einer
Serie von starken Zügen entscheidenden Vorteil zu erreichen.} 29. Rf1 c5 $1 {
Aktiviert den Läufer.} 30. Ng4 cxd4 31. cxd4 (31. Nxh6 gxh6 32. Qxh6 Qe5 $19) (
31. Bxh6 g5 $1 32. Bxg5 (32. Qh5 Nf4 $19) 32... fxg5 33. Qh6 Nf4 34. Kh2 Re6
35. Bxe6 Rxe6 36. Nf6 Rxf6 37. Qxg5 Qxg5 38. Rxg5 Ne6 $19) 31... Bxd4 32. Ne3
Qc5 $19 {Der Rest ist klar.} 33. Bc3 Rd8 34. Rd1 Be5 35. Bxe5 Qxe5 36. Nc4 Qd4
37. Re3 Red7 38. Bc2 $4 Qxc4 39. Rexd3 Rxd3 0-1

[Event "NED-ch62"]
[Site "Hilversum"]
[Date "2007.06.19"]
[Round "4"]
[White "Hendriks, Willy"]
[Black "L'Ami, Erwin"]
[Result "0-1"]
[WhiteElo "2412"]
[BlackElo "2617"]
[Annotator "L'Ami,E"]
[PlyCount "136"]
[EventDate "2007.06.16"]
[EventType "tourn"]
[EventRounds "11"]
[EventCountry "NED"]
[EventCategory "12"]
[SourceTitle "CBM 119"]
[Source "ChessBase"]
[SourceDate "2007.08.01"]
[SourceVersion "1"]
[SourceVersionDate "2007.08.01"]
[SourceQuality "1"]

1. e4 e5 2. Bc4 Nf6 3. d3 Nc6 4. Nf3 Bc5 5. c3 a6 6. Nbd2 Ba7 7. Bb3 O-O 8. O-O
d6 9. h3 Ne7 10. Re1 Ng6 11. Nf1 b5 12. Ng3 h6 13. d4 c5 {There was a time
when I considered all the positions resulting from this opening to be rather
equal and drawish. Perhaps after this game it's time to change my mind. After
13...c5 I thought comfortable equality was reached but his next move made me
doubt this assesment already.} 14. a4 {Highlighting the uncomfortable
placement of bishop and rook on the a-file.} Qc7 $6 15. Be3 Bd7 $6 {After my
last two shaky moves, real trouble starts.} 16. Qd2 {White doesn't hide his
intentions to take on h6. In the meantime he is preparing Rd1, invading on the
d-file. White's advantage is very substantial already.} Kh7 17. axb5 axb5 18.
Red1 c4 19. Bc2 Bb6 {I decided to cut my losses and give up a pawn in order to
relieve some of the pressure.} 20. Rxa8 Rxa8 21. Nf5 Bxf5 22. exf5 Ne7 23. dxe5
Bxe3 24. Qxe3 dxe5 25. Nxe5 $6 ({I think} 25. Qxe5 {was a better choice, when}
Qxe5 26. Nxe5 Ra2 27. Rb1 Kg8 (27... Ned5 28. Nxf7 Nxc3 29. bxc3 Rxc2 30. Rxb5
Rxc3 31. Rb8 $16) 28. g4 Ned5 29. h4 {is very grim for Black.}) 25... Ned5 26.
Qd4 Re8 27. Nf3 b4 $1 {Every exchange brings Black closer to a draw.} 28. cxb4
Nxb4 29. Bb1 Nbd5 {Preparing c4-c3.} 30. g3 $6 ({My opponent was drifting into
time-trouble and fails to find the best moves. Here} 30. Rc1 {would still pose
Black serious problems.}) 30... c3 31. Rc1 Rc8 32. bxc3 Nxc3 33. Kh2 Qa5 34.
Qd2 Qb6 35. Rxc3 $6 (35. Qe3 Qb2 36. Qd2 {would have resulted in an immediate
draw; of course the text move draws as well but now Black can try a little
something.}) 35... Rxc3 36. Qxc3 Qxf2+ 37. Kh1 Qf1+ (37... Nh5 {looks strong
but doesn't work in view of} 38. f6+ g6 39. Bxg6+ $1 Kxg6 (39... fxg6 40. Qc7+
$11) 40. Qd3+ {and White makes a draw.}) 38. Ng1 Qxb1 39. Qf3 Qc2 40. Ne2 Ne4 {
The 40th move has been reached and what remains is a slightly uncomfortable
ending for White. Of course he should be able to hold on but it is of course
not easy to defend such an ending after having had such a fantastic position.}
41. Kg2 Ng5 42. Qg4 Qc6+ {The white king is provoked out into the open.} 43.
Kf2 Ne4+ 44. Ke3 Nf6 45. Qf3 Qc5+ 46. Kd2 Qe5 47. Nc3 ({White would like to
play} 47. g4 {but} Ne4+ 48. Kd3 Ng5 {is annoying, when the h-pawn is likely to
fall.}) 47... Qd4+ 48. Kc2 $2 ({A serious error, the king belongs on the
kingside:} 48. Ke2 h5 49. Kf1) 48... h5 $1 {Preventing g3-g4 which would
considerably improve White's position. The next task is to provoke h3-h4,
creating further weaknesses in White's camp.} 49. Kb3 Qg1 50. Kc4 Qh2 51. h4
Qd2 52. Kb3 Qd4 {The second step has been completed and now Black can combine
the attack on the weakness on f5 with an attack on the king with the joint
forces of queen and knight (via g4-e3).} 53. Kc2 Ng4 54. Ne2 $6 ({Tougher is} 
54. Kb3 {now Black is winning by force.}) 54... Ne3+ 55. Kb3 Qd3+ 56. Ka4 Qa6+
57. Kb4 Qc4+ 58. Ka3 (58. Ka5 Nd5 {would be mating.}) 58... Nc2+ 59. Kb2 Ne1 $1
{In order to prevent mate White must put both queen and knight completely out
of play.} 60. Qxh5+ Kg8 61. Nf4 {The only way to prevent Nd3.} Qc2+ 62. Ka3
Qc3+ 63. Ka4 $6 ({The win is more complicated after} 63. Ka2 {for example} Nc2
64. Qd1 Nb4+ 65. Kb1 Qxg3 66. Nd5 Qxh4 67. Nc3 {and White is prolonging the
fight.}) 63... Nc2 {White's pieces are too far away to help the lonely king.}
64. Kb5 Nd4+ 65. Kb6 Qc6+ 66. Ka7 Nb5+ 67. Kb8 Qc7+ 68. Ka8 Qa7# 0-1

[Event "EU-ch 7th"]
[Site "Kusadasi"]
[Date "2006.04.16"]
[Round "11"]
[White "Fedorov, Alexei"]
[Black "L'Ami, Erwin"]
[Result "1/2-1/2"]
[WhiteElo "2612"]
[BlackElo "2565"]
[Annotator "L'Ami,E"]
[PlyCount "43"]
[EventDate "2006.04.04"]
[EventType "swiss"]
[EventRounds "13"]
[EventCountry "TUR"]
[SourceTitle "CBM 111 Extra"]
[Source "ChessBase"]
[SourceDate "2006.05.09"]
[SourceVersion "1"]
[SourceVersionDate "2006.05.09"]
[SourceQuality "1"]

1. e4 e5 2. Nf3 Nc6 3. Bc4 Nf6 4. d3 Bc5 5. c3 O-O 6. O-O d6 7. Bb3 a6 8. h3 h6
9. Re1 Ba7 10. Nbd2 Nh5 11. Nf1 Qf6 12. Ne3 Nf4 13. Ng4 Qg6 14. Bxf4 exf4 15.
d4 $5 ({A move frequently employed - with succes - by Manuel Bosboom in the
beginning of the 90's.} 15. Nh4 {is less accurate, because after} Qg5 16. Nf3
Bxg4 (16... Qg6 $11) 17. hxg4 Qxg4 {White is a tempo down compared to the game.
}) 15... Bxg4 16. hxg4 Qxg4 17. Qd3 Ne7 $5 ({The most easy way to equalise. An
example from earlier in the tournament saw} 17... Rae8 18. Bd5 Qd7 19. Qd2 g5
20. Qe2 Kg7 21. Nh2 f5 22. Qh5 {which looks better for White, Mamedov-Azarov,
Kusadasi 2006. With the text move I'm ready to meet e5 with d5 and I may want
to throw in ...c5 at an appropriate moment, liberating the bishop.}) 18. e5 d5
19. Bc2 g6 20. Qd2 {Here my opponent looked at me with a smile on his face,
hinting at the repetition that is following.} c5 21. Nh2 Qg5 22. Nf3 ({I dont
think Black has much to fear after} 22. Nf3 Qg4 23. e6 $5 f6 {therefore the
repetition of moves resulting in draw is a logical outcome.}) 1/2-1/2